Marcoyora. Rapa Nui o el paraíso interior de Margot Loyola.
Saved in:
| Main Author: | |
|---|---|
| Other Authors: | |
| Format: | Book |
| Published: |
Talca, Chile:
Universidad de Talca,
2018.
|
| Series: | Colección Literatura y Humanidades.
|
| Subjects: | |
| Tags: |
Add Tag
No Tags, Be the first to tag this record!
|
MARC
| LEADER | 00000nam a22000007a 4500 | ||
|---|---|---|---|
| 003 | CL-VaPUC | ||
| 005 | 20250430164832.0 | ||
| 008 | 250428t2018 ||||| |||| 00| 0 eng d | ||
| 999 | |c 449192 |d 449190 | ||
| 020 | |a 978-956-329-093-6 | ||
| 040 | |c Pontificia Universidad Católica de Valparaíso | ||
| 082 | |2 22 |a 781.620092 MON 2018 | ||
| 100 | |a Montecino Aguirre, Sonia |9 342204 |e autora | ||
| 245 | |a Marcoyora. |b Rapa Nui o el paraíso interior de Margot Loyola. | ||
| 260 | |a Talca, Chile: |b Universidad de Talca, |c 2018. | ||
| 300 | |a 125 páginas: |b ilustraciones. | ||
| 490 | |a Colección Literatura y Humanidades. | ||
| 500 | |a c.1 Donación a Fondo Margot Loyola por el autor. Memo 24-03-2025. | ||
| 583 | |c 20250428 |k Catalogador Asistente | ||
| 600 | 0 | |9 614855 |a Loyola Palacios, Margot |d 1918-2015 |x Música pascuense |v Biografía artística | |
| 651 | 0 | |9 496097 |a Rapa Nui (Isla de Pascua) |x Música folclórica |v Historia |y Siglo 20 | |
| 700 | |a Foerster González, Rolf |9 323489 |e autor | ||
| 942 | |2 ddc |c BK |n 1 | ||
| 952 | |0 0 |1 0 |2 ddc |4 0 |6 781_620092000000000_MON_2018 |7 0 |8 X |9 602767 |a FDOMLP |b FDOMLP |d 2025-04-28 |e Donación |i 5667307 |o 781.620092 MON 2018 |p 5667307 |r 2025-04-28 |t 1 |w 2025-04-28 |y BK_X |k BU2 | ||